Szczegóły MARC21

Geosystemy miast : bilateralna polsko-niemiecka konferencja naukowa, Poznań, 7-9.X.1985 : materiały konferencyjne - streszczenia referatów i objaśnienia do wystawy "posterowej" = Stadtgeosysteme : Bilaterale Polnisch-Deutsche Wissenschaftliche Konferenz. Konferenzmaterialen - Zusammenfassungen von Vorträgen und Erklärungen zur "Poster"-Ausstellung /

003 -Nazwa inst., której nr kontr. jest w polu 001 [,]
    • @
    • Nazwa instytucji, której n kontrolny jest w polu 001
    • NUKAT
005 -DATA I CZAS OSTATNIEJ MODYFIKACJI [,]
    • @
    • pole kontrolne
    • 20241231102005.0
040 -Instytucja sporządzająca opis [ , ]
    • a
    • Instytucja, która sporządziła opis (NP)
    • TOR U/MKO
    • c
    • Instytucja, która sporządziła rekord (NP)
    • TOR U/MKO
    • d
    • Instytucja, która zmodyfikowała rekord (P)
    • TOR U/LF
    • d
    • Instytucja, która zmodyfikowała rekord (P)
    • WA U/96ak
    • d
    • Instytucja, która zmodyfikowała rekord (P)
    • WA U/96hjcs
041 -Język dokumentu [0, ]
    • a
    • Język tekstu (P)
    • polski
    • a
    • Język tekstu (P)
    • niemiecki
    • b
    • Język streszczeń lub abstraktu (P)
    • niemiecki
    • b
    • Język streszczeń lub abstraktu (P)
    • polski
942 -Rodzaj dokumentu [ , ]
    • c
    • Rodzaj dokumentu
    • Książka
111 -Hasło główne - nazwa imprezy [2, ]
    • a
    • Nazwa imprezy (NP)
    • Bilateralna Polsko-Niemiecka Konferencja Naukowa pt. "Geosystemy Miast" Find
    • d
    • Data imprezy (NP)
    • (1985 ;
    • c
    • Miejsce imprezy (NP)
    • Poznań).
    • 9
    • KHW
    • 481854
245 -Strefa tytułu i oznaczenia odpowiedzialności [1,0]
    • a
    • Tytuł
    • Geosystemy miast : Find
    • b
    • Ciąg dalszy tytułu (NP)
    • bilateralna polsko-niemiecka konferencja naukowa, Poznań, 7-9.X.1985 : materiały konferencyjne - streszczenia referatów i objaśnienia do wystawy "posterowej" = Stadtgeosysteme : Bilaterale Polnisch-Deutsche Wissenschaftliche Konferenz. Konferenzmaterialen - Zusammenfassungen von Vorträgen und Erklärungen zur "Poster"-Ausstellung / Find
    • c
    • Pozostałe elementy strefy tytułu i oznaczenia odpowiedzialności (NP)
    • oprac. Tadeusz Bartkowski ; Uniwersytet im. Adama Mickiewicza w Poznaniu. Instytut Geografii Fizycznej, Martin-Luther-Universität Halle-Wittenberg in Halle. Section Geographie. Bereich Physische Geographie.
246 -Wariant tytułu [3,1]
    • a
    • Tytuł (NP)
    • Stadtgeosysteme
260 -Strefa adresu wydawniczego [ , ]
    • a
    • Miejsce wydania (P)
    • Poznań :
    • b
    • Nazwa wydawcy (P)
    • UAM,
    • c
    • Data wydania (P)
    • 1985.
300 -Strefa opisu fizycznego [ , ]
    • a
    • Określenie formy książki i/lub objętość (NP)
    • [8], 246 s. :
    • b
    • Oznaczenie ilustracji (NP)
    • il. ;
    • c
    • Format (NP)
    • 24 cm.
336 -Typ zawartości [ , ]
    • a
    • Termin opisujący typ zawartości
    • Tekst
    • b
    • Kod określający zawartość
    • txt
    • 2
    • Źródło (terminu i kodu)
    • rdacontent
337 -Typ mediów [ , ]
    • a
    • Tryb odtwarzania
    • Bez urządzenia pośredniczącego
    • b
    • Kod typu mediów
    • n
    • 2
    • Źródło (terminu i kodu)
    • rdamedia
338 -Typ/rodzaj nośnika [ , ]
    • a
    • Hasło opisujące typ nośnika
    • Wolumin
    • b
    • Kod typu nośnika
    • nc
    • 2
    • Źródło (terminu i kodu)
    • rdacarrier
504 -Uwaga dot. bibliogr. załącznikowej [ , ]
    • a
    • Uwaga dot. bibliografii załącznikowej
    • Bibliogr. przy ref.
546 -Uwaga dot. języka [ , ]
    • a
    • Uwaga dot. języka
    • Wstęp równol. pol., niem.
546 -Uwaga dot. języka [ , ]
    • a
    • Uwaga dot. języka
    • Tekst częśc. niem.
546 -Uwaga dot. języka [ , ]
    • a
    • Uwaga dot. języka
    • Streszcz. niem., pol.
650 -Hasło przedmiotowe [ ,7]
    • a
    • Hasło przedmiotowe
    • Aglomeracje miejskie
    • v
    • Określnik formalny
    • konferencje.
    • 2
    • Źródło terminu
    • kaba
    • 9
    • KHW
    • 477485
650 -Hasło przedmiotowe [ ,7]
    • a
    • Hasło przedmiotowe
    • Geografia miast
    • v
    • Określnik formalny
    • konferencje.
    • 2
    • Źródło terminu
    • kaba
    • 9
    • KHW
    • 384273
650 -Hasło przedmiotowe [ ,7]
    • a
    • Hasło przedmiotowe
    • Urbanizacja
    • v
    • Określnik formalny
    • konferencje.
    • 2
    • Źródło terminu
    • kaba
    • 9
    • KHW
    • 481951
700 -Hasło dodatkowe - nazwa osobowa [1, ]
    • a
    • Nazwa osobowa (NP)
    • Bartkowski, Tadeusz Find
    • d
    • Daty biograficzne (NP)
    • (1920-1992).
    • e
    • Określenie rodzaju współpracy
    • Red.
    • 9
    • KHW
    • 95181
Numer inwentarzowy Status udost. Lokalizacja
Z.622091BG
W.128535-3BG
N.98522BG